Statistics for Islands by Letter A-Z

Click here to take the quiz!

General Stats

  • This quiz has been taken 36 times
  • The average score is 16 of 26

Answer Stats

LetterHintAnswer% Correct
ERemote Pacific island known for its hundreds of large statues of human figuresEaster Island
100%
AWas once home to a notorious American federal prisonAlcatraz Island
97%
HLargest island of JapanHonshu
97%
IDefeated the UK in the Cod Wars about fishing rights in the North AtlanticIceland
97%
MFourth largest island in the worldMadagascar
94%
JMost populous island in the worldJava
91%
LPart of New York stateLong Island
88%
CLarge French island in the MediterraneanCorsica
84%
DCaribbean island country in the Lesser AntillesDominica
84%
UCanadian island that shares its name with something you use to keep rain offUmbrella
84%
GLargest island in EuropeGreat Britain
75%
KWesternmost island connected by highway in the Florida KeysKey West
72%
TLargest island of French PolynesiaTahiti
69%
BBritish Overseas Territory in the North Atlantic Ocean, about 1000 km offshore of North CarolinaBermuda
66%
ZWas ruled as a sultanate before becoming a British protectorateZanzibar
63%
OSite of a 1945 battle in the Pacific theater of World War 2Okinawa
56%
VDerived its name from the Roman god of fireVulcano
53%
SNorwegian archipelago in the Arctic OceanSvalbard
47%
PIsland country in a Compact of Free Association with the United StatesPalau
44%
WWestern main island of this island group, lost by Argentina in a 1982 warWest Falkland
38%
NCalled the "Rock of Polynesia," this island country is in free association with New ZealandNiue
34%
RSite of the first English colony in the AmericasRoanoke Island
28%
YIsland in San Francisco Bay whose name means "good herb"Yerba Buena
28%
FSmallest of the four main Balearic IslandsFormentera
25%
QCanadian island named after a type of mineQuarry Island
22%
XLocated on the Taiwan Strait with a population of 1.8 millionXiamen
13%

Score Distribution

Percentile by Number Answered

Percent of People with Each Score

Your Score History

You have not taken this quiz